000 00521nam a2200205 a 4500
001 BRCA_7153
005 20190320205730.0
008 110112s1919----gw-#######---#000-0#ger-#
041 _ager
044 _agw
050 4 _aPT2638 .M5
_bA84 1919
100 1 _aSchmidt, Otto Ernst
_d1862-1926
_916328
245 1 0 _aAugust Gutbier
_cOtto Ernst.
260 _aLeipzig, Alemania
_bL. Staackmann
_c1919
300 _a212 p.
_c18 cm.
500 _aP42
650 1 4 _aLiteratura Alemana
_96160
902 _aGFM
942 _2lcc
_cB
999 _c6834
_d6834